| 000 | 00646nam a22002172 4500 | ||
|---|---|---|---|
| 001 | 0000004321 | ||
| 005 | 20151021151103.0 | ||
| 008 | 070522s xx 000 0 eng d | ||
| 020 |
_a0852261217 : _cKES 282 |
||
| 040 |
_aKABU _cKABU |
||
| 050 | 0 |
_aQA276.6 _b.C63 1977 |
|
| 100 | 1 |
_aCochran, William G. _@0000160498 |
|
| 245 | 1 | 0 |
_aSampling techniques / _cWilliam G. Cochran. |
| 250 | _a3rd ed. | ||
| 260 |
_aNew Delhi : _bWiley Eastern Ltd., _c1977. |
||
| 300 |
_axvi, 428 p. ; _c22 cm. |
||
| 650 | 0 |
_aSampling (Statistics) _@0000154819 |
|
| 908 | _a070522 | ||
| 950 | _@1 | ||
| 999 |
_c527 _d527 |
||